000
00333nam a22001457a 4500
008
210226b ||||| |||| 00| 0 eng d
020
_a
9780697327307
041
_a
eng
080
_2
2nd
_a
070
082
_a
070
100
_a
39
101
_a
MED
245
_a
Introduction to Communication Research
_c
Reinard, J
942
_2
udc
_c
BK
999
_c
55290
_d
55290